La Clase obrera y el progreso científico-técnico /

Salvato in:
Dettagli Bibliografici
Autore principale: Fedoséev, Pietr
Natura: testo
Tags: Aggiungi Tag
Nessun Tag, puoi essere il primo ad aggiungerne!!

MARC

LEADER 00000 a a2200000 04500
001 3184
003
040
100 |a Fedoséev, Pietr  
245 |a La Clase obrera y el progreso científico-técnico /  |c Pietr Fedoséev  
773 |g número 3; páginas 24-36  
999 |c 30675  |d 30675